| 000 | 00550nam a2200121Ia 4500 | ||
|---|---|---|---|
| 008 | 220620s9999||||xx |||||||||||||| ||und|| | ||
| 100 | _aVintges, Karen | ||
| 245 | 2 | _aA New Dawn for the Second Sex | |
| 546 | _aEnglish[eng] | ||
| 650 | _asociology | ||
| 856 | _uhttps://library.oapen.org/bitstream/20.500.12657/31075/1/639723.pdf||https://library.oapen.org/bitstream/20.500.12657/31075/1/639723.pdf||https://library.oapen.org/bitstream/20.500.12657/31075/1/639723.pdf||https://library.oapen.org/bitstream/20.500.12657/31075/1/639723.pdf | ||
| 942 | _cEB | ||
| 999 |
_c23081 _d23081 |
||